000 00576nam a2200229Ia 4500
003 OSt
005 20220918200040.0
006 a|||||r|||| 00| 0
007 ta
008 220917b |||||||| |||| 00| 0 eng d
024 _a87,306
037 _cTextual
040 _aARTS
_cARTS
_beng
041 _2eng
_aeng
082 _aT4.56117g, G6
245 0 _aStudent's handbook to the university and colleges of Cambridge
250 _a35th
260 _c1936
650 _aHIGHER EDUCATION
942 _hT4.56117g, G6
_cTEXL
_2CC
999 _c211001
_d211001